[Event "Vestlandsserien avd. nord 2018-19"]
[Site "Hordaland/Sogn og Fjordane"]
[Date "2018.11.04"]
[Round "3"]
[White "Martinsen, Stig K"]
[Black "Ayzenberg, Alena"]
[Result "1-0"]
[WhiteElo "2191"]
[BlackElo "1906"]

1. d4 Nf6 2. Bg5 e6 3. e3 h6 4. Bh4 c5 5. Nd2 Nc6 6. c3 b6 7. Bd3 Bb7 8. Ngf3
Be7 9. Qe2 Nh5 10. Bxe7 Qxe7 11. a3 O-O 12. g4 Nf6 13. g5 hxg5 14. Rg1 e5 15.
d5 Nxd5 16. Nxg5 Nf6 17. Nde4 Na5 18. Nxf6+ Qxf6 19. Nh7 Qh6 20. Nxf8 Kxf8 21.
Qg4 d5 22. O-O-O d4 23. cxd4 cxd4 24. Rg3 Qf6 25. Kb1 Nb3 26. Bc2 dxe3 27. fxe3
Nc5 28. Qf5 Qxf5 29. Bxf5 g6 30. Bc2 Ke7 31. b4 Nd7 32. Rgg1 Rh8 33. Rd2 Rh3
34. Rg3 Rh4 35. Rf2 Bd5 36. Kb2 Nf6 37. Rg1 Be6 38. Bd1 Nd5 39. Rg3 Nf6 40. Rc2
Ne4 41. Rgg2 Nd6 42. Rc7+ Kd8 43. Rxa7 Nc4+ 44. Kc1 Nxe3 45. Rd2+ Kc8 46. Ba4
Kb8 47. Re7 Rc4+ 48. Kb2 Rc7 49. Rxc7 Kxc7 50. Bb3 Nc4+ 51. Bxc4 Bxc4 52. Kc3
Be6 53. h4 Bg4 54. a4 e4 55. Kd4 f5 56. Ke3 Bf3 57. Rd4 Kc6 58. Rd8 Bh5 59. Kd4
Kc7 60. Rf8 Kd6 61. Rf6+ Kc7 62. Re6 Kb7 63. a5 bxa5 64. bxa5 Ka7 65. Kc5 Bf3
66. Rxg6 e3 67. Kd4 e2 68. Rg1 Ka6 69. Ke3 Bh5 70. Kf2 Kxa5 71. Rg5 e1=Q+ 72.
Kxe1 Be8 73. Rxf5+ Kb6 74. Rd5 Kc6 75. Rd2
1-0

[Event "Vestlandsserien avd. nord 2018-19"]
[Site "Hordaland/Sogn og Fjordane"]
[Date "2018.11.04"]
[Round "3"]
[White "Sekkingstad, Thomas"]
[Black "Larsen, Stig Børje"]
[Result "1/2-1/2"]
[WhiteElo "1577"]
[BlackElo "1834"]

1. d4 g6 2. c4 Bg7 3. Nc3 c5 4. Nf3 cxd4 5. Nxd4 Nc6 6. Be3 Nf6 7. h3 O-O 8. g3
d5 9. Bg2 e5 10. Nxc6 bxc6 11. cxd5 Nxd5 12. Nxd5 cxd5 13. Qxd5 Qxd5 14. Bxd5
Rb8 15. b3 Bb7 16. Bxb7 Rxb7 17. O-O f5 18. Rac1 f4 19. Bc5 Rc8 20. b4 Rbc7 21.
gxf4 exf4 22. Rc4 Bf8 23. Rfc1 Bd6 24. Rd4 Bxc5 25. bxc5 Rxc5 26. Rxc5 Rxc5 27.
Rxf4 Rc2 28. Ra4 Rc7 29. e4 Kf7 30. Ra6 h5 31. Kg2 Kg7 32. Kf3 g5 33. e5 Rf7+
34. Ke3 g4 35. hxg4 hxg4 36. Ra4 Rf3+ 37. Ke2 Kf7 38. Rxa7+ Ke6 39. a4 Ra3 40.
a5 Kxe5 41. a6 Kf6 42. Ra8 Kg7 43. a7 Kh7 44. Kd2 Kg7 45. Kc2 Kh7 46. Kb2 Ra6
47. Kb3 Kg7 48. Kc4 g3 49. fxg3 Ra4+ 50. Kc5 Ra1 51. g4 Rc1+ 52. Kd4 Rd1+ 53.
Kc3 Ra1 54. g5 Ra6 55. Kc4 Ra1 56. Kc5 Rc1+ 57. Kd4 Rd1+ 58. Ke3 Re1+ 59. Kd2
Ra1 60. Ke2 Ra2+ 61. Kf3 Ra4 62. Kg3 Ra3+ 63. Kh4 Ra4+ 64. Kh5 Ra5 65. Re8 Rxa7
66. Re5 Rb7 67. Re6 Ra7 68. Rg6+ Kh7 69. Rf6 Kg7 70. Rg6+ Kh7 71. Rh6+ Kg7 72.
Rg6+
1/2-1/2

[Event "Vestlandsserien avd. nord 2018-19"]
[Site "Hordaland/Sogn og Fjordane"]
[Date "2019.02.09"]
[Round "4"]
[White "Larsen, Tor Kristian"]
[Black "Hellesøy, Anton"]
[Result "1-0"]
[WhiteElo "2036"]
[BlackElo "1602"]
[PlyCount "69"]
[EventDate "2018.??.??"]

1. Nf3 d5 2. d4 Nf6 3. c4 e6 4. Nc3 Be7 5. Bg5 O-O 6. e3 b6 7. Be2 Bb7 8. Bxf6
Bxf6 9. cxd5 exd5 10. b4 c5 11. bxc5 bxc5 12. Qb3 Bc6 13. Bb5 Qa5 14. O-O a6
15. Bxc6 Nxc6 16. Nxd5 Bd8 17. Qc4 Nb4 18. dxc5 Nxd5 19. Qxd5 Rc8 20. Rac1 Be7
21. Ne5 Rcd8 22. Qb7 Bxc5 23. Nc6 Qa3 24. Nxd8 Rxd8 25. Qc7 Be7 26. Rc3 Qd6 27.
Qxd6 Bxd6 28. Rfc1 Kf8 29. Rc8 Be7 30. Rxd8+ Bxd8 31. Rc6 a5 32. Kf1 Ke7 33.
Ke2 Kd7 34. Ra6 f6 35. Kd3 
1-0

[Event "Vestlandsserien avd. nord 2018-19"]
[Site "Hordaland/Sogn og Fjordane"]
[Date "2019.02.09"]
[Round "4"]
[White "Birkestrand, Odd"]
[Black "Steigum, Endre S."]
[Result "1/2-1/2"]
[WhiteElo "1698"]
[BlackElo "1960"]
[PlyCount "55"]
[EventDate "2018.??.??"]

1. e4 c5 2. c3 d5 3. exd5 Qxd5 4. Nf3 Nf6 5. Be2 e5 6. O-O e4 7. c4 Qd8 8. Ne1
Be7 9. d3 exd3 10. Bxd3 O-O 11. a3 Nc6 12. Nc3 a6 13. h3 Ne5 14. Bf4 Nxd3 15.
Qxd3 Qxd3 16. Nxd3 Be6 17. b3 Rfd8 18. Rad1 h6 19. g4 Nd7 20. Be3 b5 21. Nf4
bxc4 22. Nxe6 fxe6 23. bxc4 Ne5 24. Na4 Nxc4 25. Bxc5 Bxc5 26. Nxc5 Rxd1 27.
Rxd1 Nxa3 28. Ra1 
1/2-1/2

[Event "Vestlandsserien avd. nord 2018-19"]
[Site "Hordaland/Sogn og Fjordane"]
[Date "2019.02.09"]
[Round "4"]
[White "Ayzenberg, Alena"]
[Black "Solli, Jarle"]
[Result "1-0"]
[WhiteElo "1906"]
[BlackElo "1733"]
[PlyCount "124"]
[EventDate "2018.??.??"]

1. d4 Nf6 2. c4 e6 3. Nf3 d5 4. g3 dxc4 5. Bg2 Bd7 6. Ne5 Nc6 7. Nxc4 b5 8. Ne5
Nd5 9. e4 Nb6 10. b3 Bb4+ 11. Bd2 Bxd2+ 12. Qxd2 Nxe5 13. dxe5 c5 14. O-O O-O
15. f4 Bc6 16. Qd6 Rc8 17. Na3 c4 18. Rfd1 Qc7 19. Rac1 Qb7 20. Rd4 h6 21. bxc4
Rfd8 22. Qxd8+ Rxd8 23. Rxd8+ Kh7 24. Nxb5 Qe7 25. Rd6 Qb7 26. Rd4 Na4 27. Nd6
Qb2 28. Rcd1 Nc3 29. R4d2 Qb6+ 30. Kh1 Nxd1 31. Rxd1 Kg8 32. h4 Qf2 33. Kh2
Qxa2 34. Kh3 a5 35. Nc8 Qxc4 36. Rd8+ Kh7 37. Nd6 Qc2 38. Rc8 a4 39. Nxf7 Bxe4
40. Rxc2 Bxc2 41. Bf1 Bb3 42. Bd3+ g6 43. g4 a3 44. Bb1 Bd5 45. Nd6 a2 46. Bxa2
Bxa2 47. g5 h5 48. Kg3 Kg7 49. Kf2 Bb3 50. Ke3 Kf8 51. Kd4 Ke7 52. Kc5 Bd1 53.
Kc6 Bb3 54. Kc7 Bc2 55. Nc8+ Kf7 56. Kd6 Bf5 57. Ne7 Ke8 58. Nc6 Bh3 59. Nd4
Kf7 60. Kd7 Bg4 61. Nc6 Kf8 62. Nd8 Bf5 1-0

[Event "Vestlandsserien avd. nord 2018-19"]
[Site "Hordaland/Sogn og Fjordane"]
[Date "2019.02.09"]
[Round "4"]
[White "Losnedahl, Halvor"]
[Black "Larsen, Stig Børje"]
[Result "1-0"]
[WhiteElo "1739"]
[BlackElo "1834"]
[PlyCount "121"]
[EventDate "2018.??.??"]

1. e4 g6 2. Nc3 Bg7 3. f4 d6 4. Nf3 Nf6 5. Bc4 O-O 6. d3 Nc6 7. a4 Bg4 8. h3
Bxf3 9. Qxf3 Nd4 10. Qf2 c5 11. O-O e6 12. Ba2 a6 13. Be3 Nd7 14. Nd1 b5 15. c3
Nc6 16. Bd2 Nb6 17. a5 Nxa5 18. Ne3 c4 19. d4 Nc6 20. Rae1 Na4 21. Nd1 Qc7 22.
f5 exf5 23. exf5 Rfe8 24. Bb1 Qd7 25. f6 Bf8 26. Rxe8 Rxe8 27. Qh4 Re2 28. Bh6
Qe8 29. Bxf8 Qxf8 30. Qg4 Qe8 31. h4 Nxb2 32. Nxb2 Rxb2 33. h5 Qe6 34. Qg3 Re2
35. Kh1 Kf8 36. hxg6 hxg6 37. Qh4 Ke8 38. Qh8+ Kd7 39. Bxg6 Re1 40. Rxe1 Qxe1+
41. Kh2 Qe6 42. Qg7 Nd8 43. Bh5 Kc7 44. Bf3 a5 45. Qg5 Kb6 46. Bd5 Qd7 47. Qe3
a4 48. Qf2 Qg4 49. Bf3 Qf4+ 50. g3 Qxf6 51. d5+ Ka6 52. Qe3 Qe5 53. Qh6 Qxc3
54. Qxd6+ Ka7 55. Qxd8 Qxf3 56. Qc7+ Ka6 57. d6 Qb7 58. Qe7 c3 59. d7 c2 60.
Qd6+ Ka7 61. Qc5+ 
1-0

[Event "Vestlandsserien avd. nord 2018-19"]
[Site "Hordaland/Sogn og Fjordane"]
[Date "2019.02.09"]
[Round "4"]
[White "Agustsson, Hafsteinn"]
[Black "Lie, Terje"]
[Result "1-0"]
[WhiteElo "1842"]
[BlackElo "1534"]
[PlyCount "93"]
[EventDate "2018.??.??"]

1. e4 d6 2. d4 Nf6 3. Nc3 g6 4. Be2 Bg7 5. Be3 Nc6 6. f4 a6 7. Nf3 Bg4 8. e5
dxe5 9. dxe5 Nd7 10. Bc4 e6 11. O-O O-O 12. h3 Bxf3 13. Qxf3 Nb6 14. Rad1 Qe7
15. Bb3 Rfd8 16. Ne4 Rxd1 17. Rxd1 Rd8 18. Bc5 Rxd1+ 19. Qxd1 Qd8 20. Qxd8+
Nxd8 21. c3 Nc6 22. Kf2 Nd5 23. Kf3 h5 24. g3 b6 25. Bf2 Kf8 26. a3 Ke7 27. c4
f5 28. Nd2 Nf6 29. exf6+ Bxf6 30. Ba4 Kd6 31. b4 e5 32. c5+ Kd7 33. fxe5 Bxe5
34. cxb6 cxb6 35. Bxb6 g5 36. Nc4 g4+ 37. hxg4 fxg4+ 38. Kg2 Bc7 39. Bxc7 Kxc7
40. Bxc6 Kxc6 41. a4 Kd5 42. b5 axb5 43. axb5 Ke6 44. b6 Kd7 45. b7 Kc7 46. Nd6
Kb8 47. Kf2 1-0

[Event "Vestlandsserien avd. nord 2018-19"]
[Site "Hordaland/Sogn og Fjordane"]
[Date "2019.02.09"]
[Round "4"]
[White "Manne, Per Erik"]
[Black "Fossan, Andreas"]
[Result "1-0"]
[WhiteElo "2155"]
[BlackElo "2032"]
[PlyCount "117"]
[EventDate "2018.??.??"]

1. Nf3 d5 2. d4 Nf6 3. c4 c6 4. Nc3 dxc4 5. a4 Bf5 6. e3 e6 7. Bxc4 Bb4 8. O-O
Nbd7 9. Qe2 Bg6 10. h3 O-O 11. Rd1 Qe7 12. Bd3 e5 13. Bxg6 hxg6 14. Qc4 a5 15.
Bd2 e4 16. Nh2 Rfe8 17. Na2 Bd6 18. Be1 g5 19. b4 Nb6 20. Qb3 axb4 21. Nxb4
Nbd5 22. Nxd5 Nxd5 23. a5 f5 24. Rdb1 Rab8 25. Qc4 g4 26. hxg4 Bxh2+ 27. Kxh2
Qh4+ 28. Kg1 fxg4 29. Rxb7 Rxb7 30. Qxc6 Rbe7 31. Qxd5+ Kh8 32. a6 Ra7 33. Bb4
Rea8 34. Qxe4 Rxa6 35. Qxa8+ Rxa8 36. Rxa8+ Kh7 37. Bd6 Qh5 38. Ra1 Qb5 39. Be5
Qb2 40. Ra7 Qb1+ 41. Kh2 g3+ 42. Bxg3 Qf5 43. Ra1 Kh6 44. Re1 Qe4 45. f3 Qd5
46. Bf2 Qa2 47. Kg1 Kg5 48. e4 Kf6 49. d5 g5 50. e5+ Ke7 51. Bc5+ Ke8 52. d6
Qc4 53. Be3 g4 54. fxg4 Qxg4 55. e6 Qh4 56. Rb1 Kf8 57. e7+ Kf7 58. Rf1+ Kg7
59. e8=Q 
1-0

[Event "Vestlandsserien avd. nord 2018-19"]
[Site "Hordaland/Sogn og Fjordane"]
[Date "2019.02.09"]
[Round "4"]
[White "Hersvik, Daniel"]
[Black "Mork, Kjell Arne"]
[Result "0-1"]
[WhiteElo "2213"]
[BlackElo "2293"]
[PlyCount "140"]
[EventDate "2018.??.??"]

1. e4 e6 2. d4 d5 3. Nc3 Nf6 4. Bg5 dxe4 5. Nxe4 Be7 6. Bxf6 gxf6 7. Nf3 f5 8.
Ng3 c5 9. dxc5 Qxd1+ 10. Rxd1 Bxc5 11. Ne5 Ke7 12. Bc4 Nd7 13. Nd3 Bb6 14. O-O
Nf6 15. Rfe1 Kf8 16. Ne5 h5 17. Rd3 Ng4 18. Re2 Bxf2+ 19. Rxf2 Nxe5 20. Rd8+
Kg7 21. Rxh8 Kxh8 22. Bb5 h4 23. Nh5 a6 24. Be8 Kg8 25. Re2 Ng6 26. c4 Kf8 27.
Ba4 Ke7 28. Rd2 b6 29. b4 a5 30. Bc6 Rb8 31. a3 axb4 32. axb4 Ne5 33. Bb5 Bd7
34. Bxd7 Nxd7 35. Nf4 Rc8 36. Rc2 Kf6 37. g3 hxg3 38. hxg3 Ne5 39. c5 bxc5 40.
bxc5 Rc6 41. Kf2 Nd7 42. Nd3 e5 43. Ke3 e4 44. Nf4 Rxc5 45. Ra2 Rc4 46. Ra6+
Kg5 47. Ra7 Ne5 48. Ne2 Rb4 49. Re7 Rb3+ 50. Kf2 Kf6 51. Re8 Rb2 52. Kf1 e3 53.
Ra8 Nf3 54. Ra1 Rd2 55. Ra6+ Kg5 56. Ra1 Rc2 57. Rd1 Kg4 58. Ra1 Nd2+ 59. Ke1
Nf3+ 60. Kf1 Rb2 61. Rc1 Nd2+ 62. Ke1 Ne4 63. Rc4 Rb1+ 64. Nc1 Kf3 65. Kd1 Rb2
66. Rc7 Rd2+ 67. Ke1 Rh2 68. Kd1 Rh1+ 69. Kc2 Rxc1+ 70. Kxc1 e2 
0-1

[Event "Vestlandsserien avd. nord 2018-19"]
[Site "Hordaland/Sogn og Fjordane"]
[Date "2019.02.09"]
[Round "4"]
[White "Moe-Nilssen, Nils Erik"]
[Black "Johannessen, Heine N"]
[Result "1-0"]
[WhiteElo "2090"]
[BlackElo "1623"]
[PlyCount "61"]
[EventDate "2018.??.??"]

1. e4 c5 2. Nf3 g6 3. Nc3 Bg7 4. d4 cxd4 5. Nxd4 Nc6 6. Be3 Nf6 7. Bc4 O-O 8.
Bb3 d6 9. f3 Bd7 10. Qd2 Qa5 11. O-O-O Nxd4 12. Bxd4 Rfc8 13. g4 b5 14. Kb1 b4
15. Ne2 Qb5 16. g5 Nh5 17. Bxg7 Nxg7 18. Nd4 Qc5 19. h4 a5 20. h5 Nxh5 21. f4
Ng3 22. Bxf7+ Kxf7 23. Rxh7+ Ke8 24. Qh2 Nh5 25. Rh8+ Kf7 26. Rxh5 gxh5 27.
Qxh5+ Kg8 28. Qg6+ Kf8 29. Qh6+ Kg8 30. g6 Be8 31. Qh7+ 1-0

[Event "Vestlandsserien avd. nord 2018-19"]
[Site "Hordaland/Sogn og Fjordane"]
[Date "2019.02.09"]
[Round "4"]
[White "SÃ¦tre, Mathias"]
[Black "SÃ¦vareid, Ove"]
[Result "1/2-1/2"]
[WhiteElo "1898"]
[BlackElo "2150"]
[PlyCount "110"]
[EventDate "2018.??.??"]

1. e4 c5 2. Nc3 Nc6 3. g3 g6 4. Bg2 Bg7 5. d3 e6 6. Be3 d6 7. Qd2 Nd4 8. Nd1 e5
9. c3 Nc6 10. Ne2 b6 11. O-O Nge7 12. d4 exd4 13. cxd4 Ba6 14. d5 Ne5 15. Rb1
O-O 16. b3 f5 17. f4 Ng4 18. e5 dxe5 19. d6 Nxe3 20. Nxe3 e4 21. Rfd1 Nc6 22.
Qd5+ Kh8 23. Qxc6 Bxe2 24. Rd5 Qc8 25. Qa4 Qa6 26. Qxa6 Bxa6 27. Bf1 Bb7 28.
Rd2 Bd4 29. Kf2 Rad8 30. b4 Rf6 31. bxc5 Bxc5 32. Rc2 Bc6 33. Ke2 Rfxd6 34. Nc4
Rd4 35. Ne5 Be8 36. Ke1 Bb4+ 37. Ke2 Kg8 38. g4 Bb5+ 39. Ke3 Bxf1 40. Rxf1 Rd1
41. Rxd1 Rxd1 42. Rc8+ Bf8 43. Nc6 Rd3+ 44. Ke2 fxg4 45. Ne5 Rd6 46. Nxg4 Re6
47. Ne5 Kg7 48. Ke3 g5 49. Rc7+ Kg8 50. Rc8 gxf4+ 51. Kxf4 Kg7 52. Rc7+ Re7 53.
Rxe7+ Bxe7 54. Nc6 Bd6+ 55. Kxe4 Bxh2 1/2-1/2

[Event "Vestlandsserien avd. nord 2018-19"]
[Site "Hordaland/Sogn og Fjordane"]
[Date "2019.02.09"]
[Round "4"]
[White "SÃ¦tre, Roger"]
[Black "Kvamme, John A"]
[Result "0-1"]
[WhiteElo "1881"]
[BlackElo "2068"]
[PlyCount "70"]
[EventDate "2018.??.??"]

1. e4 c5 2. Nc3 Nc6 3. g3 e6 4. Bg2 Nf6 5. f4 d5 6. e5 Nd7 7. Nf3 Be7 8. d4
cxd4 9. Nxd4 O-O 10. Be3 Nb6 11. Bf2 Nc4 12. Rb1 Bd7 13. O-O Rc8 14. Nce2 Qa5
15. a3 Nxd4 16. Nxd4 Qc7 17. c3 a5 18. Re1 Bc5 19. Re2 b5 20. Rc1 Qb8 21. Kh1
b4 22. axb4 axb4 23. Be1 Rfd8 24. Ra1 Qb6 25. b3 Na3 26. cxb4 Bxb4 27. Bxb4
Qxb4 28. Rea2 Nb5 29. Ra4 Qc3 30. Ne2 Qe3 31. Ra5 Rc7 32. Rc1 Rxc1 33. Nxc1 Rc8
34. Nd3 Nc3 35. Qc2 Ne4 0-1

[Event "Vestlandsserien avd. nord 2018-19"]
[Site "Hordaland/Sogn og Fjordane"]
[Date "2019.02.09"]
[Round "4"]
[White "Riisem, Øyvind"]
[Black "Hølleland, Sigve"]
[Result "1-0"]
[WhiteElo "2240"]
[BlackElo "2008"]
[PlyCount "59"]
[EventDate "2018.??.??"]

1. d4 d5 2. c4 c6 3. Nf3 Nf6 4. Nc3 dxc4 5. e4 b5 6. e5 Nd5 7. Ng5 e6 8. a4 Bb4
9. Qh5 Qe7 10. Bd2 h6 11. Nge4 Bb7 12. axb5 Nxc3 13. bxc3 cxb5 14. Qg4 Ba3 15.
Qxg7 Bxe4 16. Qxh8+ Kd7 17. Be2 b4 18. cxb4 Bxb4 19. Qxh6 c3 20. Bg5 c2+ 21.
Kf1 Qe8 22. Qh4 Bg6 23. d5 Qf8 24. Bb5+ Kc8 25. d6 Bxd6 26. exd6 Qxd6 27. Qc4+
Kb7 28. Qb3 Nc6 29. Ba6+ Kc7 30. Qb7# 
1-0

[Event "Vestlandsserien avd. nord 2018-19"]
[Site "Hordaland/Sogn og Fjordane"]
[Date "2019.02.09"]
[Round "4"]
[White "Gundersen, Helge"]
[Black "Sørensen, Kristian"]
[Result "1/2-1/2"]
[WhiteElo "2116"]
[BlackElo "2119"]
[PlyCount "41"]
[EventDate "2018.??.??"]

1. e4 c6 2. d4 d5 3. Nc3 dxe4 4. Nxe4 Nf6 5. Nxf6+ gxf6 6. Bc4 Bf5 7. c3 e6 8.
Ne2 Bd6 9. Bf4 Bxf4 10. Nxf4 Nd7 11. Qh5 Qe7 12. O-O-O O-O-O 13. Rhe1 Qd6 14.
g3 Bg6 15. Qa5 Kb8 16. h4 Bf5 17. Bd3 Bxd3 18. Nxd3 f5 19. Ne5 Nxe5 20. dxe5
Qc7 21. Qc5 
1/2-1/2

[Event "Vestlandsserien avd. nord 2018-19"]
[Site "Hordaland/Sogn og Fjordane"]
[Date "2019.02.10"]
[Round "5"]
[White "Watkins, Christian"]
[Black "HellesÃ¸y, Anton"]
[Result "1-0"]
[WhiteElo "1490"]
[BlackElo "1602"]
[PlyCount "51"]
[EventDate "2018.??.??"]

1. Nf3 d5 2. c4 d4 3. b4 a5 4. Qa4+ Bd7 5. b5 c5 6. d3 g6 7. g3 Bg7 8. Bg2 Nh6
9. Bf4 O-O 10. Qa3 Qb6 11. Nbd2 Bf5 12. Qc1 a4 13. h3 Nd7 14. Nb1 g5 15. Bxg5
e5 16. g4 e4 17. gxf5 exf3 18. Bxf3 Nxf5 19. Qf4 Qg6 20. Be4 f6 21. Qxf5 fxg5
22. Qxd7 Qf6 23. Rf1 Kh8 24. Qg4 Rf7 25. Nd2 Qb6 26. Qh5 1-0

[Event "Vestlandsserien avd. nord 2018-19"]
[Site "Hordaland/Sogn og Fjordane"]
[Date "2019.02.10"]
[Round "5"]
[White "HÃ¸lleland, Sigve"]
[Black "Solli, Jarle"]
[Result "1-0"]
[WhiteElo "2008"]
[BlackElo "1733"]
[PlyCount "59"]
[EventDate "2018.??.??"]

1. d4 Nf6 2. Bf4 d5 3. e3 Bf5 4. c4 e6 5. Qb3 Qc8 6. Nc3 c6 7. Rc1 Na6 8. cxd5
exd5 9. Bxa6 bxa6 10. Nf3 Be7 11. O-O Bd3 12. Rfd1 Bc4 13. Qc2 a5 14. Ne5 Ba6
15. Qa4 Bb7 16. e4 O-O 17. Nxd5 Nxd5 18. exd5 Qf5 19. dxc6 Bc8 20. Bg3 f6 21.
Nc4 Rd8 22. Qxa5 Rd5 23. Qe1 Qe6 24. Qxe6+ Bxe6 25. Ne3 f5 26. Nxd5 Bxd5 27. c7
Rc8 28. Re1 Bg5 29. Rc5 Bd2 30. Rxd5 1-0

[Event "Vestlandsserien avd. nord 2018-19"]
[Site "Hordaland/Sogn og Fjordane"]
[Date "2019.02.10"]
[Round "5"]
[White "Losnedahl, Halvor"]
[Black "Gundersen, Helge"]
[Result "0-1"]
[WhiteElo "1739"]
[BlackElo "2116"]
[PlyCount "75"]
[EventDate "2018.??.??"]

1. e4 Nc6 2. Nc3 d6 3. Bc4 g6 4. a4 Bg7 5. d3 Nf6 6. Nge2 O-O 7. O-O e5 8. f4
exf4 9. Bxf4 Be6 10. Bxe6 fxe6 11. Qd2 Qd7 12. Bh6 e5 13. Bxg7 Kxg7 14. Qg5 h6
15. Qg3 Nb4 16. Rac1 b6 17. h3 Nh5 18. Qe3 Rxf1+ 19. Kxf1 Rf8+ 20. Kg1 c5 21.
b3 g5 22. Nd5 Nxd5 23. exd5 Nf4 24. Nxf4 exf4 25. Qf3 Re8 26. Rf1 Re3 27. Qh5
Qf5 28. h4 Qxd5 29. hxg5 Qxg5 30. Qxg5+ hxg5 31. a5 Re2 32. axb6 axb6 33. Ra1
Rxc2 34. Ra6 Rc3 35. Rxb6 Rxd3 36. Kf2 Kf6 37. b4 cxb4 38. Rxb4 0-1

[Event "Vestlandsserien avd. nord 2018-19"]
[Site "Hordaland/Sogn og Fjordane"]
[Date "2019.02.10"]
[Round "5"]
[White "Stokke, Kjetil"]
[Black "Fossan, Andreas"]
[Result "1-0"]
[WhiteElo "2338"]
[BlackElo "2032"]
[PlyCount "120"]
[EventDate "2018.??.??"]

1. d4 Nf6 2. c4 e6 3. Nf3 Bb4+ 4. Bd2 Qe7 5. g3 Nc6 6. Nc3 O-O 7. Bg2 Na5 8. b3
b6 9. O-O Bb7 10. Qc2 d5 11. c5 bxc5 12. a3 Bxc3 13. Qxc3 Nc6 14. Qxc5 Qxc5 15.
dxc5 Ne4 16. Bf4 Nxc5 17. b4 Nb3 18. Ra2 Rfc8 19. e3 Ba6 20. Rb1 Bc4 21. Rab2
f6 22. Rxb3 Bxb3 23. Rxb3 Ne7 24. g4 e5 25. Nxe5 fxe5 26. Bxe5 c6 27. f4 a6 28.
Kf2 Ra7 29. Bd4 Rb7 30. Rc3 Kf8 31. Bc5 Kf7 32. Bxe7 Kxe7 33. Bxd5 Rbc7 34. Bc4
c5 35. Bxa6 cxb4 36. Rxc7+ Rxc7 37. axb4 Rc2+ 38. Be2 Rb2 39. b5 h6 40. h4 Kf6
41. Kf3 Rb4 42. Bd3 Ke6 43. g5 Rb2 44. gxh6 gxh6 45. e4 Rb4 46. Ke3 Kf6 47. Kd2
Rd4 48. Kc3 Rd8 49. Bc4 Kg6 50. Be2 Rf8 51. h5+ Kg7 52. f5 Kf6 53. Bc4 Kg5 54.
Kd4 Kxh5 55. b6 Kg5 56. b7 h5 57. Be6 Rb8 58. Bc8 h4 59. Ke3 h3 60. Kf3 h2 1-0

[Event "Vestlandsserien avd. nord 2018-19"]
[Site "Hordaland/Sogn og Fjordane"]
[Date "2019.02.10"]
[Round "5"]
[White "Ayzenberg, Alena"]
[Black "Johannessen, Heine N"]
[Result "1-0"]
[WhiteElo "1906"]
[BlackElo "1623"]
[PlyCount "105"]
[EventDate "2018.??.??"]

1. d4 Nf6 2. c4 g6 3. Nc3 d5 4. Nf3 Bg7 5. Bg5 Ne4 6. cxd5 Nxg5 7. Nxg5 e6 8.
Nf3 exd5 9. e3 O-O 10. Bd3 c5 11. dxc5 Qa5 12. O-O Qxc5 13. Rc1 Nc6 14. Na4 Qd6
15. Bb5 Ne5 16. Nxe5 Bxe5 17. f4 Bg7 18. e4 Rd8 19. e5 Qe7 20. Nc5 f6 21. e6
Rd6 22. f5 gxf5 23. Re1 b6 24. Nb3 Bxe6 25. Nd4 Qf7 26. Rc6 Rxc6 27. Bxc6 Rc8
28. Rxe6 Bf8 29. Bxd5 Kh8 30. Rc6 Qe8 31. Rxc8 Qxc8 32. Ne6 Bh6 33. Bb3 Qc1 34.
Qxc1 Bxc1 35. Bc2 Bxb2 36. Bxf5 a5 37. h3 Kg8 38. Kf1 Kf7 39. Nc7 h6 40. Ke2
Be5 41. Nb5 h5 42. Kd3 Kg7 43. Kc4 Kh6 44. Kd5 Kg5 45. Be4 Kf4 46. Bf3 Ke3 47.
Bxh5 Kd3 48. Kc6 Kc2 49. Kxb6 a4 50. Ka5 Kb2 51. Bf7 a3 52. Ka4 Bg3 53. Nxa3
1-0

[Event "Vestlandsserien avd. nord 2018-19"]
[Site "Hordaland/Sogn og Fjordane"]
[Date "2019.02.10"]
[Round "5"]
[White "SÃ¦tre, Mathias"]
[Black "Rasmussen, Jonas H"]
[Result "0-1"]
[WhiteElo "1898"]
[BlackElo "1950"]
[PlyCount "104"]
[EventDate "2018.??.??"]

1. c4 c6 2. g3 d5 3. Bg2 Nf6 4. cxd5 cxd5 5. d4 Nc6 6. Nc3 Bf5 7. Bg5 e6 8. Qd2
Rc8 9. Nf3 Be7 10. O-O h6 11. Bxf6 Bxf6 12. Rac1 O-O 13. Na4 b6 14. a3 Na5 15.
Rxc8 Qxc8 16. b4 Nc4 17. Qa2 Qd7 18. Qb3 Rc8 19. Rc1 Be4 20. e3 Bxf3 21. Bxf3
Nd2 22. Rxc8+ Qxc8 23. Qd1 Nxf3+ 24. Qxf3 Qc2 25. Nxb6 axb6 26. Qf4 Qb1+ 27.
Kg2 Qe4+ 28. Qxe4 dxe4 29. g4 Be7 30. f3 exf3+ 31. Kxf3 Kf8 32. Ke4 Ke8 33. Kd3
Kd7 34. Kc4 Kc6 35. a4 b5+ 36. axb5+ Kb6 37. e4 Bf8 38. e5 Be7 39. h3 f6 40. d5
exd5+ 41. Kxd5 fxe5 42. Kxe5 Bf6+ 43. Kf5 Kxb5 44. Kg6 Kxb4 45. h4 Kc4 46. g5
hxg5 47. hxg5 Bc3 48. Kf5 Kd5 49. Kf4 g6 50. Kg3 Ke4 51. Kg4 Bd2 52. Kh4 Kf3
0-1

[Event "Vestlandsserien avd. nord 2018-19"]
[Site "Hordaland/Sogn og Fjordane"]
[Date "2019.02.10"]
[Round "5"]
[White "SÃ¦tre, Roger"]
[Black "Schindler, Dirk Steffen"]
[Result "1/2-1/2"]
[WhiteElo "1881"]
[BlackElo "2039"]
[PlyCount "39"]
[EventDate "2018.??.??"]

1. d4 d5 2. Nf3 Nf6 3. Bg5 Nbd7 4. e3 h5 5. Bh4 e5 6. c4 Be7 7. Nc3 O-O 8. Qc2
a6 9. Bd3 dxc4 10. Bxc4 b5 11. Bd3 Bb7 12. Rd1 Rc8 13. Ne4 c5 14. Bxf6 gxf6 15.
Nxc5 Nxc5 16. dxc5 Qa5+ 17. Qd2 Qxd2+ 18. Nxd2 Rxc5 19. O-O Rd8 20. Nb3 1/2-1/2

[Event "Vestlandsserien avd. nord 2018-19"]
[Site "Hordaland/Sogn og Fjordane"]
[Date "2019.02.10"]
[Round "5"]
[White "Mork, Kjell Arne"]
[Black "Riisem, Ã~yvind"]
[Result "0-1"]
[WhiteElo "2293"]
[BlackElo "2240"]
[PlyCount "68"]
[EventDate "2018.??.??"]

1. e4 c5 2. Nf3 e6 3. b3 a6 4. Bb2 d5 5. exd5 exd5 6. d4 Nf6 7. Bd3 Be7 8. O-O
O-O 9. h3 Nc6 10. a3 h6 11. dxc5 Bxc5 12. Nc3 Re8 13. Re1 Be6 14. b4 Ba7 15.
Qd2 Qc7 16. Ne2 Ne4 17. Bxe4 dxe4 18. Qc3 f6 19. Nfd4 Qb6 20. Nxe6 Qxf2+ 21.
Kh1 Rxe6 22. Qc4 Rae8 23. Nc3 Ne5 24. Qb3 e3 25. Nd5 Ng4 26. Qc4 h5 27. Re2 b5
28. Qd3 Qg3 29. hxg4 Bb8 30. Nxf6+ Rxf6 31. Qd5+ Kf8 32. Qc5+ Bd6 33. Be5 Rxe5
34. Qc8+ Re8 0-1

[Event "Vestlandsserien avd. nord 2018-19"]
[Site "Hordaland/Sogn og Fjordane"]
[Date "2019.02.10"]
[Round "5"]
[White "Martinsen, Stig K"]
[Black "Manne, Per Erik"]
[Result "0-1"]
[WhiteElo "2191"]
[BlackElo "2155"]
[PlyCount "74"]
[EventDate "2018.??.??"]

1. d4 Nf6 2. c4 e6 3. Nc3 c5 4. d5 exd5 5. cxd5 d6 6. e4 g6 7. Nge2 Bg7 8. Ng3
a6 9. a4 O-O 10. Be2 Nbd7 11. O-O Re8 12. Bg5 h6 13. Be3 Kh7 14. h3 Qb6 15. Qc2
Rb8 16. f4 Qb4 17. Ra3 Ng8 18. Rb3 Qa5 19. e5 Nb6 20. Bf2 dxe5 21. f5 Ne7 22.
f6 Bxf6 23. Nge4 Bg7 24. Bxc5 Nbxd5 25. Rxf7 Be6 26. Rf2 b6 27. Bd6 Rbc8 28.
Ra3 Bf5 29. Qd1 Red8 30. Bxe7 Nxe7 31. Qf1 Qb4 32. Bf3 Rd4 33. Ng3 Bd3 34. Qe1
e4 35. Ngxe4 Nf5 36. Rd2 Rcd8 37. Qd1 Bxe4 0-1

[Event "Vestlandsserien avd. nord 2018-19"]
[Site "Hordaland/Sogn og Fjordane"]
[Date "2019.02.10"]
[Round "5"]
[White "Kristoffersen, Arne Skodvin"]
[Black "Moe-Nilssen, Nils Erik"]
[Result "0-1"]
[WhiteElo "1796"]
[BlackElo "2090"]
[PlyCount "78"]
[EventDate "2018.??.??"]

1. d4 Nf6 2. c4 e5 3. dxe5 Ne4 4. a3 b6 5. Nf3 Bb7 6. g3 Bc5 7. e3 g5 8. Bg2 h5
9. Nbd2 Nxd2 10. Bxd2 g4 11. Nh4 Bxg2 12. Nxg2 Nc6 13. Bc3 Rh6 14. Qd5 a5 15.
O-O-O Qe7 16. Nh4 Qe6 17. Qe4 a4 18. Nf5 Rg6 19. Rd5 O-O-O 20. Rhd1 Rg5 21. Nd4
Bxd4 22. exd4 f6 23. Qc2 fxe5 24. dxe5 Rf5 25. R1d2 Nxe5 26. Bxe5 Rxe5 27. Qxa4
Re1+ 28. Kc2 d6 29. Qb5 Kb7 30. Rxh5 Qe4+ 31. Kb3 Rf8 32. Qd5+ Qxd5 33. Rhxd5
Rf1 34. Rg5 Rf3+ 35. Kb4 Rc1 36. Rxg4 Ka6 37. Rf4 c5+ 38. Ka4 Rxc4+ 39. b4 b5#
0-1